Der Steuersong - Gebühren und Steuern - Statistiken

Allgemein
  • Dieses Quiz wurde 31 mal gespielt
  • Das Durchschnittsergebnis liegt bei 5 aus 12
Antwortstatistiken
Antwort % Korrekt
Umsatzsteuer
71%
Tabaksteuer
63%
KFZ-Steuer
58%
Hundesteuer
50%
Getränkesteuer
42%
Biosteuer
38%
Haarfärbesteuer
38%
Ökosteuer
38%
Atemaufschlag
33%
Erdoberflächennutzungssteuer
33%
Schlechtwettersteuer
33%
Zeittarif
21%
Keine übereinstimmenden Quizze gefunden
Verteilung der Resultate
Anzahl Personen mit jedem Resultat
Perzentil nach korrekt beantworteten Fragen
Ihre Resultats-Entwicklung
Sie haben dieses Quiz noch nicht gespielt